000 00287nam a22001337a 4500
008 181012b xxu||||| |||| 00| 0 eng d
020 _a9781285168432
041 _aeng
080 _a004
100 _a28
101 _aSHKI
245 _aMicrosoft Excel 2013
_cFreund
942 _2udc
_cBK
999 _c49564
_d49564